Guess the Lyrics #35 - Statistics

General Stats
  • This quiz has been taken 533 times
  • The average score is 85 of 181
Answer Stats
% Correct
I
99%
a
98%
you
93%
the
90%
me,
88%
me
88%
love
85%
and
80%
And
80%
be
79%
to
78%
we
77%
in
75%
It
75%
on
74%
go?
71%
If
69%
if
69%
My
67%
my
67%
When
65%
So
64%
was
62%
Was
62%
let
61%
they
59%
she
57%
that
57%
don't
56%
want
55%
are
54%
of
53%
I'm
52%
There
52%
Would
52%
know?
50%
were
49%
Who
47%
time
46%
All
45%
won't
44%
From
37%
down
35%
their
33%
some
31%
By
28%
Said
27%
out
26%
long
22%
dark
21%
You'd
16%
show
13%
still
13%
took
13%
why’d
11%
better
8%
lie
8%
onto
8%
While
8%
far
7%
low
7%
snow,
7%
snow
7%
December
6%
remember
6%
white
6%
dead
5%
below
4%
below.
4%
God
4%
ground
4%
held
4%
hill
4%
hit
4%
rooftops
4%
sat
4%
watching
4%
armour
3%
became
3%
Bury
3%
carnival
3%
Clearly
3%
froze
3%
future's
3%
soldier
3%
violet
3%
windows
3%
aloft
2%
architectured
2%
banks
2%
Bibles
2%
captain
2%
cathedrals
2%
clutched
2%
cross
2%
fit
2%
Hollowed
2%
idiots
2%
nerves
2%
poles
2%
Priests
2%
rifles
2%
ship
2%
silent
2%
sinking
2%
unfroze
2%
fox
1%
stow,
1%
No matching quizzes found
Score Distribution
Percent of People with Each Score
Percentile by Number Answered
Your Score History
You have not taken this quiz